Horizon Zero Dawn Machines - Statistics

General Stats
  • This quiz has been taken 410 times
  • The average score is 18 of 28
Answer Stats
Cauldron Answer % Correct
Psi Watcher
94%
Zeta Thunderjaw
83%
Psi Strider
78%
Zeta Stormbird
76%
Xi Glinthawk
73%
Xi Stalker
70%
Rho Snapmaw
68%
none Corruptor
67%
Sigma Grazer
67%
Psi Tallneck
67%
Sigma Sawtooth
66%
Sigma Scrapper
65%
Psi Charger
64%
none Deathbringer
63%
Rho Ravager
63%
Xi Fire Bellowback
61%
Xi Behemoth
58%
Psi Redeye Watcher
58%
Epsilon Fireclaw
56%
Rho Longleg
56%
Epsilon Frostclaw
54%
Zeta Rockbreaker
54%
Psi Broadhead
53%
Rho Shell-Walker
53%
Sigma Lancehorn
51%
Xi Freeze Bellowback
46%
Epsilon Scorcher
44%
Rho Trampler
44%
No matching quizzes found
Score Distribution
Percent of People with Each Score
Percentile by Number Answered
Your Score History
You have not taken this quiz